Watching the English : (Record no. 2947)

MARC details
000 -LEADER
fixed length control field 01512cam a2200361 i 4500
001 - CONTROL NUMBER
control field 2947
003 - CONTROL NUMBER IDENTIFIER
control field FISKH
005 - DATE AND TIME OF LATEST TRANSACTION
control field 20240125083000.0
008 - FIXED-LENGTH DATA ELEMENTS--GENERAL INFORMATION
fixed length control field 140318s2014 mau b 001 0 eng
010 ## - LIBRARY OF CONGRESS CONTROL NUMBER
LC control number 2014010674
020 ## - INTERNATIONAL STANDARD BOOK NUMBER
International Standard Book Number 9781857886160 (pbk.)
020 ## - INTERNATIONAL STANDARD BOOK NUMBER
Canceled/invalid ISBN 9781857889178 (ebook)
040 ## - CATALOGING SOURCE
Original cataloging agency DLC
Language of cataloging eng
Transcribing agency DLC
Description conventions rda
Modifying agency DLC
042 ## - AUTHENTICATION CODE
Authentication code pcc
043 ## - GEOGRAPHIC AREA CODE
Geographic area code e-uk-en
050 00 - LIBRARY OF CONGRESS CALL NUMBER
Classification number DA566.4
Item number .F67 2014
082 00 - DEWEY DECIMAL CLASSIFICATION NUMBER
Classification number 390.0941
Edition number 23
100 1# - MAIN ENTRY--PERSONAL NAME
Personal name Fox, Kate.
245 10 - TITLE STATEMENT
Title Watching the English :
Remainder of title the hidden rules of English behavior /
Statement of responsibility, etc. Kate Fox.
264 #1 - PRODUCTION, PUBLICATION, DISTRIBUTION, MANUFACTURE, AND COPYRIGHT NOTICE
Place of production, publication, distribution, manufacture London :
Name of producer, publisher, distributor, manufacturer Hodder & Stoughton,
Date of production, publication, distribution, manufacture, or copyright notice 2014
300 ## - PHYSICAL DESCRIPTION
Extent 583 pages ;
Dimensions 20 cm
336 ## - CONTENT TYPE
Content type term text
Source rdacontent
337 ## - MEDIA TYPE
Media type term unmediated
Source rdamedia
338 ## - CARRIER TYPE
Carrier type term volume
Source rdacarrier
500 ## - GENERAL NOTE
General note Published in Great Britain in 2014 by Hodder & Stoughton, a division of Hodder Headline.
504 ## - BIBLIOGRAPHY, ETC. NOTE
Bibliography, etc. note Includes bibliographical references (pages 569-570) and index.
520 ## - SUMMARY, ETC.
Summary, etc. Watching the English: The Hidden Rules of English Behaviour is a 2004 international bestseller by Kate Fox, a leading social anthropologist.[1][2] The book examines "typical" English behaviour.<br/><br/>The book was first published in 2004, and updated in 2014.
650 #0 - SUBJECT ADDED ENTRY--TOPICAL TERM
Topical term or geographic name entry element National characteristics, English.
651 #0 - SUBJECT ADDED ENTRY--GEOGRAPHIC NAME
Geographic name England
General subdivision Social life and customs
Chronological subdivision 21st century.
856 ## - ELECTRONIC LOCATION AND ACCESS
Link text https://www.telegraph.co.uk/culture/books/10779447/The-more-the-English-change-the-more-we-stay-the-same.html
906 ## - LOCAL DATA ELEMENT F, LDF (RLIN)
a 7
b cbc
c orignew
d 1
e ecip
f 20
g y-gencatlg
942 ## - ADDED ENTRY ELEMENTS (KOHA)
Source of classification or shelving scheme Dewey Decimal Classification
Koha item type Books
Suppress in OPAC No
Holdings
Withdrawn status Lost status Source of classification or shelving scheme Damaged status Not for loan Collection Home library Current library Shelving location Date acquired Total Checkouts Full call number Barcode Date last seen Price effective from Koha item type
    Dewey Decimal Classification     Non-Fiction Footprints International School Library Network Toul Kork Campus Footprints International School Library Network Toul Kork Campus   01/25/2024   FOX 390.0941DA566.F67 2024-0051 01/25/2024 01/25/2024 Books